000 00660nam a22002537a 4500
003 UA-OsUOA
001 24723
007 ta
008 20040301b un ||||| |||| 00| 0 ukr d
100 _aЮщик О.І.
090 _a34.096(477)
_bЮ99
942 _cBK
040 _aUA-OsUOA
_bukr
_cUA-OsUOA
_dUA-OsUOA
245 _aПравова реформа: загальне поняття, проблеми здійснення в Україні
300 _a192 с.
955 _a0
041 _aukr
080 _a34.096(477)
020 _a966-7024-20-2
260 _aКиїв
_bКнига
_c1997
044 _aUA
650 7 _2UDC
999 _c311005
_d311005